Normal view MARC view

Entry Personal Name

Number of records used in: 1

001 - CONTROL NUMBER

  • control field: 7180

003 - CONTROL NUMBER IDENTIFIER

  • control field: OSt

005 - DATE AND TIME OF LATEST TRANSACTION

  • control field: 20211028144018.0

008 - FIXED-LENGTH DATA ELEMENTS

  • fixed length control field: 211028|| aca||aabn | a|a d

040 ## - CATALOGING SOURCE

  • Original cataloging agency: OSt
  • Transcribing agency: OSt

100 ## - HEADING--PERSONAL NAME

  • Personal name: Akram, Mohammed; Shetty, Prathibha.
  • Miscellaneous information: 1216066

670 ## - SOURCE DATA FOUND

  • Source citation: Work cat.: (OSt): Akram, Mohammed; Shetty, Prathibha. 1216066, Study of investors perception on investing in stock market with sprcial reference to edelweiss broking limited, Mangalore., 2014